000 01368cam a2200265 4500
001 ABS65577
008 020530n2002 000 0 eng u
035 _a(Sirsi) u118245
100 _aO'Keefe, J
245 4 _aThe legal definition of waste - the confusion continues
260 _c2002
490 _aWastes Management
_v May 2002, 48-19(2)
520 _aConsiders the confusion over the definition of waste and looks at the number of cases that have added to the debate of what is waste in their attempt to define what is and is not waste. The European Waste Framework Directive defines waste as 'any substance or object in the categories set out in Annex 1 which the holder discards or intends or is required to discard.' Discusses with reference to case law the question of whether waste is still waste if a 'complete recovery operation' is carried out on the material.
590 _aABS
650 _aLEGAL DEFINITION
650 _aDIRECTIVE 75/442/EEC
650 _aCASTLE CEMENT V ENVIRONMENT AGENCY
650 _aMAYER PARRY RECYCLING LTD V ENVIRONMENT AGENCY
650 _aARCO CHEMIE NEDERLAND LTD V MINISTER VAN VOLKSHUISVESTING
650 _aGILBERT V ENVIRONMENT AGENCY
650 _aABFALL SERVICE AG V BUNDESMINISTER FUR UMWELT
690 _aENVIRONMENTAL AND LAND CONSULTANCY-WASTE MANAGEMENT
700 _aBoileau, S
942 _n0
999 _c70404
_d70404